The Big Board: Language Quiz Stats

 Plays Quiz Updated Nov 28, 2017

Challenge
Share
Tweet
Score 0/36 Timer 06:00
1 Play Today
Hint Answer % Correct
Name the movies from a section of a poster translated to a foreign language.
100%
Rejoin these compound words that have been separated into a pair of definitions.
99.7%
Waldo is speaking the name of a country in its own language. Identify each.
99.7%
Without reordering tiles, replace the blanks with letters to make a 7-letter word.
99.7%
Give the English word in each idiom that has been replaced with Icelandic.
99.7%
Name any official language of the countries represented by these flags.
99.7%
Jurassic Park
95.1%
Back to the Future
94.4%
Spain
94.3%
Dutch, French, German (Belgium)
92%
Japan
89.2%
Saving Private Ryan
88.3%
Retired, Refined, etc.
86.3%
Bush
85.7%
Chamber, Clamper, etc.
84.3%
Primary, Privacy, etc.
83.5%
Limestone
83.3%
Injury
82.7%
Hint Answer % Correct
WALL-E
81.9%
The Silence of the Lambs
81.5%
Doctors
78.8%
Drawbridge
76.6%
Undermine
76%
Portuguese (Brazil)
75.9%
Finnish, Swedish (Finland)
75.2%
Honeymoon
74.5%
Average, Overage
72.4%
Austria
71.3%
Wing
66.8%
Czechia
65.7%
Spearmint
61.9%
Trouble
59.6%
Syria
58.2%
Greek, Turkish (Cyprus)
56.2%
Pies
53.8%
Russian, Kyrgyz (Kyrgyzstan)
38.3%

You're not logged in!

Compare scores with friends on all Sporcle quizzes.
Join for Free
OR
Log In

You Might Also Like...

Show Comments

Extras

Top Quizzes Today


Score Distribution

Your Account Isn't Verified!

In order to create a playlist on Sporcle, you need to verify the email address you used during registration. Go to your Sporcle Settings to finish the process.

Report this User

Report this user for behavior that violates our Community Guidelines.

Details: